| 000 | 01051nam a2200241Ia 4500 | ||
|---|---|---|---|
| 003 | Ost | ||
| 005 | 20260507075803.0 | ||
| 008 | 260507s9999||||xx |||||||||||||| ||und|| | ||
| 020 | _a9789961014073 | ||
| 040 | _cfsecg | ||
| 041 | _aara | ||
| 082 | _a519.5 | ||
| 100 |
_aعزوز، عبد الرزاق _eمؤلف |
||
| 245 | 0 |
_aالكامل في الاحصاء : _b دروس مفصلة ، تمارين و مسائل مع الحلول / _c عبد الرزاق عزوز |
|
| 260 |
_aالجزائر: _bديوان المطبوعات الجامعية, _c2011 |
||
| 300 |
_a271 صفحة؛ _bإيضاحات ؛ _c27 سم |
||
| 504 | _aببليوعرافيا ص.269 | ||
| 520 | _aيتناول الكتاب مقاييس الشكل و التمركز ، الارقام القياسية ، التوزيعات الاحصائية دات بعدين ،التوفيق و الارتباط، مسائل متنوعة. | ||
| 653 | _aالاحصاء | ||
| 653 | _aالاحصاء الرياضي | ||
| 653 | _aالاستدلال الاحصائي | ||
| 942 | _cكتاب | ||
| 999 |
_c46336 _d46336 |
||